[Event "Ruy Lopez (2eme memorial)"]
[Site "?"]
[Date "2004.05.09"]
[Round "9"]
[White "Mirzoev Azer"]
[Black "Ubilava Elizbar"]
[Result "1/2-1/2"]
[WhiteElo "2544"]
[BlackElo "2530"]
[PlyCount "22"]
[EventDate "2004.??.??"]
[Source "www.chesslib.no"]
[SourceDate "2004.05.04"]

1. Nf3 d5 2. g3 c6 3. Bg2 Nf6 4. O-O Bg4 5. d3 Bxf3 6. Bxf3 Nbd7 7. Nd2 g6 8. b3 Bg7 9. Bb2 O-O 10. Bg2 Ne8 11. Bxg7 Nxg7 1/2-1/2

[Event "Catalunya-chT"]
[Site "?"]
[Date "1998.??.??"]
[Round "2"]
[White "Ubilava Elizbar"]
[Black "Campos Moreno Javier B"]
[Result "1/2-1/2"]
[WhiteElo "2540"]
[BlackElo "2525"]
[PlyCount "83"]
[EventDate "1998.??.??"]
[Source "www.chesslib.no"]
[SourceDate "2004.05.04"]

1. Nf3 d5 2. g3 Nf6 3. Bg2 c6 4. O-O Bg4 5. d3 Nbd7 6. Nbd2 e5 7. e4 dxe4 8. dxe4 Be7 9. h3 Bh5 10. b3 O-O 11. Bb2 Qc7 12. Qe1 Rfe8 13. Nh4 Nc5 14. Nc4 Nfd7 15. Nf5 Bf8 16. a4 a5 17. Qc3 Ne6 18. g4 Bg6 19. Nxe5 Nxe5 20. Qxe5 Qxe5 21. Bxe5 Nc5 22. Bc7 Nxe4 23. Nh4 Bb4 24. Nxg6 hxg6 25. Bxe4 Rxe4 26. Rad1 Re2 27. c4 Rb2 28. Rd3 Re8 29. Bb6 f6 30. Rfd1 Kf7 31. Rd7+ Re7 32. R1d3 g5 33. Kg2 Rc2 34. Kf3 Rc3 35. Rxe7+ Kxe7 36. Rxc3 Bxc3 37. Ke4 Ke6 38. f4 gxf4 39. Kxf4 g5+ 40. Ke4 Bb4 41. Bd8 Be7 42. Bb6 1/2-1/2

[Event "EU Team Ch sf"]
[Site "Stockholm SWE"]
[Date "1975.12.14"]
[Round "3.1"]
[White "Schmidt, Wlodzimierz"]
[Black "Hort, Vlastimil"]
[Result "0-1"]
[WhiteElo "2465"]
[BlackElo "2600"]
[PlyCount "83"]
[EventDate "1975.12.??"]
[Source "www.chesslib.no"]
[SourceDate "2004.05.04"]

1. Nf3 d5 2. g3 Nf6 3. Bg2 c6 4. O-O Bg4 5. b3 Nbd7 6. Bb2 Qc7 7. d3 e5 8. Nbd2 Be7 9. h3 Bxf3 10. Bxf3 h5 11. h4 O-O-O 12. e4 d4 13. Kg2 Nf8 14. a4 Ne6 15. Rh1 Bb4 16. Nc4 a5 17. Bc1 b5 18. Na3 Bc3 19. Rb1 Qb6 20. Bb2 Qc5 21. Qc1 Ne8 22. Ra1 Nd6 23. axb5 cxb5 24. Ra2 b4 25. Nc4 Nxc4 26. bxc4 Kc7 27. Bxc3 dxc3 28. Qe3 Ra8 29. Rha1 Kb6 30. Kf1 f6 31. Bg2 Qd4 32. Bh3 Nc5 33. Rb1 Ra6 34. Bf5 Ka7 35. Qf3 Ka8 36. Bg6 Ra7 37. Qe3 Rb8 38. Bf7 Ra6 39. Qf3 g6 40. Qe3 Qxe3 41. fxe3 a4 42. d4 0-1

[Event "Besancon, France"]
[Site "?"]
[Date "2005.03.10"]
[Round "2.1"]
[White "Chernuschevich Alexei"]
[Black "Fontaine Robert"]
[Result "1/2-1/2"]
[WhiteElo "2527"]
[BlackElo "2537"]
[PlyCount "61"]
[EventDate "2005.??.??"]
[Source "www.chesslib.no"]
[SourceDate "2004.05.04"]

1. Nf3 d5 2. g3 c6 3. Bg2 Nf6 4. O-O Bg4 5. d3 Nbd7 6. Nbd2 e6 7. e4 Bc5 8. h3 Bxf3 9. Qxf3 O-O 10. Qe2 dxe4 11. dxe4 e5 12. a4 a5 13. Nc4 Qe7 14. Rd1 Rfd8 15. Bd2 Bb4 16. c3 Bc5 17. Be1 Ne8 18. Kh2 Nd6 19. Nxd6 Bxd6 20. Rd3 Nc5 21. Rdd1 Bc7 22. Qc2 Rxd1 23. Rxd1 Rd8 24. b4 axb4 25. cxb4 Rd4 26. Rxd4 exd4 27. Qc4 Qd6 28. Bf1 h5 29. h4 g6 30. Kg2 Kg7 31. Bd3 1/2-1/2

[Event "Besancon, France"]
[Site "?"]
[Date "2005.03.10"]
[Round "2.5"]
[White "Chernuschevich Alexei"]
[Black "Fontaine Robert"]
[Result "0-1"]
[WhiteElo "2527"]
[BlackElo "2537"]
[PlyCount "62"]
[EventDate "2005.??.??"]
[Source "www.chesslib.no"]
[SourceDate "2004.05.04"]

1. Nf3 d5 2. g3 Nf6 3. Bg2 c6 4. O-O Bg4 5. d3 Nbd7 6. Nbd2 e5 7. h3 Bh5 8. e4 dxe4 9. dxe4 Bc5 10. Qe1 O-O 11. Nh4 Re8 12. Nf5 Bg6 13. Nc4 Bxf5 14. exf5 e4 15. Bf4 Nb6 16. Rd1 Nbd5 17. Bc1 Qe7 18. Kh1 Rad8 19. g4 b5 20. Na5 Rc8 21. Nb3 Bd6 22. Qe2 Qe5 23. f4 exf3 24. Qxe5 fxg2+ 25. Kxg2 Rxe5 26. Rfe1 Rce8 27. Rxe5 Rxe5 28. Nd4 h6 29. Nxc6 Re2+ 30. Kf3 Rxc2 31. h4 Rxc6 0-1

[Event "Besancon, France"]
[Site "?"]
[Date "2005.03.10"]
[Round "2.3"]
[White "Chernuschevich Alexei"]
[Black "Fontaine Robert"]
[Result "0-1"]
[WhiteElo "2527"]
[BlackElo "2537"]
[PlyCount "68"]
[EventDate "2005.??.??"]
[Source "www.chesslib.no"]
[SourceDate "2004.05.04"]

1. Nf3 d5 2. g3 c6 3. Bg2 Nf6 4. O-O Bg4 5. d3 Nbd7 6. Nbd2 e6 7. e4 Bc5 8. h3 Bxf3 9. Qxf3 O-O 10. Qe2 Qc7 11. Kh2 Rad8 12. f4 dxe4 13. dxe4 e5 14. f5 Nb6 15. Nb3 Be7 16. Be3 Na4 17. c3 Nd7 18. g4 Nac5 19. f6 gxf6 20. Nxc5 Bxc5 21. Bh6 Rfe8 22. Rf5 Bf8 23. Be3 Bg7 24. Raf1 Nf8 25. h4 Ng6 26. Qf2 Rd3 27. h5 Nf4 28. Bxf4 exf4 29. Qxf4 Qxf4+ 30. R5xf4 Re6 31. R4f3 Rd2 32. R3f2 Red6 33. Kg3 Kf8 34. Kf3 b5 0-1

[Event "JUG-ch53"]
[Site "Belgrade "]
[Date "1998.03.18"]
[Round "5"]
[White "Djuric, Stefan"]
[Black "Damljanovic, Branko"]
[Result "1-0"]
[WhiteElo "2520"]
[BlackElo "2540"]
[PlyCount "121"]
[EventDate "1998.03.14"]
[Source "ChessBase"]
[SourceDate "1998.06.15"]

1. Nf3 Nf6 2. g3 d5 3. Bg2 c6 4. O-O Bg4 5. d3 Nbd7 6. Qe1 e5 7. h3 Bxf3 8. exf3 Bd6 9. f4 O-O 10. fxe5 Bxe5 11. Nd2 Re8 12. Qd1 Qb6 13. Kh1 Re7 14. Nf3 Bd6 15. a4 a5 16. c3 Bc5 17. d4 Bd6 18. Nh4 g6 19. Nf3 Rae8 20. Kg1 Ne4 21. Ng5 Ndf6 22. Qd3 h5 23. Nf3 Qb3 24. Qd1 Qb6 25. Qd3 Bb8 26. Rb1 Qb3 27. Qd1 Qc4 28. Bh6 Qa6 29. Qc1 Nh7 30. Re1 Qb6 31. Bf4 Bxf4 32. Qxf4 Qd8 33. Ne5 Nd6 34. Bf1 Kg7 35. Bd3 f6 36. Nf3 Rxe1+ 37. Rxe1 Rxe1+ 38. Nxe1 Ng5 39. Kg2 Qe7 40. h4 Ngf7 41. Nf3 Nh6 42. Ng1 Nhf7 43. Ne2 Nh6 44. Qc1 g5 45. hxg5 fxg5 46. Ng1 Qf6 47. Nh3 Nhf7 48. Qe3 Kg8 49. b3 h4 50. g4 Kg7 51. c4 Nh6 52. c5 Ndf7 53. f3 Kf8 54. Be2 Ng8 55. f4 gxf4 56. Nxf4 Ng5 57. Bd3 Ne7 58. Nh5 Qh6 59. Qf4+ Ke8 60. Nf6+ Kf8 61. Nh7+ 1-0